[Event "CRO-chT (Women) 31st"]
[Site "Veli Losinj"]
[Date "2023.10.15"]
[Round "6.4"]
[White "Ivekovic, Zvjezdana"]
[Black "Vujic, Agata"]
[Result "1-0"]
[WhiteElo "1721"]
[BlackElo "1625"]
[PlyCount "61"]
[EventDate "2023.10.11"]
[EventType "team-tourn"]
[EventRounds "9"]
[EventCountry "CRO"]
[SourceTitle "Mega2024 Update 01"]
[Source "Chessbase"]
[SourceDate "2023.11.12"]
[SourceVersion "1"]
[SourceVersionDate "2023.11.12"]
[SourceQuality "1"]
[WhiteTeam "Sisak (W)"]
[BlackTeam "Kastav (W)"]
[WhiteTeamCountry "CRO"]
[BlackTeamCountry "CRO"]

1. d4 d5 2. c4 dxc4 3. Nf3 Nf6 4. e3 a6 5. Bxc4 e6 6. 0-0 b5 7. Be2 Bb7 8. a4 b4 9. b3 Bd6 10. Bb2 0-0 11. Nbd2 Nbd7 12. Rc1 Rc8 13. Ne5 c5 14. Ndc4 Bb8 15. Bf3 Nxe5 16. dxe5 Nd5 17. Qe2 Qg5 18. Rfd1 Rfd8 19. Na5 Ba8 20. Nc4 Bc7 21. g3 Ne7 22. Rxd8+ Rxd8 23. Bxa8 Rxa8 24. Nd6 Ng6 25. Qf3 Rf8 26. Qc6 Bxd6 27. exd6 Rd8 28. Rxc5 e5 29. Qc7 h6 30. d7 Qe7 31. Qxd8+ 1-0

[Event "CRO-chT (Women) 30th"]
[Site "Porec"]
[Date "2022.09.25"]
[Round "2.2"]
[White "Blazeka, Mihaela"]
[Black "Vujic, Agata"]
[Result "1-0"]
[WhiteElo "1967"]
[BlackElo "1664"]
[PlyCount "63"]
[EventDate "2022.09.24"]
[EventType "team-tourn"]
[EventRounds "9"]
[EventCountry "CRO"]
[SourceTitle "CBM 210 Extra"]
[Source "ChessBase"]
[SourceDate "2022.11.30"]
[SourceVersion "1"]
[SourceVersionDate "2022.11.30"]
[SourceQuality "1"]
[WhiteTeam "Zagreb Mladost (W)"]
[BlackTeam "Kastav (W)"]
[WhiteTeamCountry "CRO"]
[BlackTeamCountry "CRO"]

1. d4 d5 2. c4 dxc4 3. e4 Nf6 4. Nc3 e5 5. d5 h6 6. Bxc4 Bd6 7. Nge2 Bg4 8. h3 Bh5 9. Be3 c6 10. f3 cxd5 11. Qa4+ Nbd7 12. Nxd5 0-0 13. Nxf6+ Nxf6 14. Qb3 Rc8 15. Nc3 Nd7 16. Rd1 Nc5 17. Qc2 a6 18. a4 Re8 19. 0-0 Ne6 20. Bd5 Nd4 21. Qd2 Bc5 22. g4 Bg6 23. Bxb7 Rc7 24. Bxa6 Qh4 25. Kg2 Ne6 26. Nd5 Rd8 27. Qf2 Qxf2+ 28. Kxf2 Bxe3+ 29. Kxe3 Rc2 30. Ne7+ Kh7 31. Rxd8 Nxd8 32. Rf2 1-0

[Event "Mediterranean op 10th"]
[Site "Rijeka"]
[Date "2018.11.28"]
[Round "6"]
[White "Vujic, Agata"]
[Black "Petrovic, David"]
[Result "1-0"]
[WhiteElo "1527"]
[BlackElo "1726"]
[PlyCount "57"]
[EventDate "2018.11.24"]
[EventType "swiss"]
[EventRounds "9"]
[EventCountry "CRO"]
[SourceTitle "CBM 187 Extra"]
[Source "ChessBase"]
[SourceDate "2018.11.04"]
[SourceVersion "1"]
[SourceVersionDate "2018.11.04"]
[SourceQuality "1"]

1. e4 e5 2. Nf3 Nc6 3. Bc4 Bc5 4. c3 Nf6 5. d3 d6 6. Bg5 h6 7. Bh4 a6 8. Nbd2 g5 9. Bg3 0-0 10. Qe2 Bg4 11. h4 Bxf3 12. gxf3 Nh5 13. 0-0-0 Nxg3 14. fxg3 Kh7 15. hxg5 Qxg5 16. f4 Qxg3 17. fxe5 dxe5 18. Rdf1 Qg6 19. Kb1 Rad8 20. Nf3 f5 21. Nh4 Qg4 22. Qh2 Ne7 23. Qxe5 Bd6 24. Qe6 Qg5 25. exf5 b5 26. f6 Ng6 27. Nxg6 Qxg6 28. Rhg1 Qf7 29. Qf5+ 1-0

[Event "CRO-chT U20 26th"]
[Site "Sv Filip i Jakov"]
[Date "2018.04.06"]
[Round "8.8"]
[White "Mesar, Vedran"]
[Black "Vujic, Agata"]
[Result "1-0"]
[WhiteElo "1638"]
[BlackElo "1586"]
[PlyCount "67"]
[EventDate "2018.04.03"]
[EventType "team-swiss"]
[EventRounds "11"]
[EventCountry "CRO"]
[SourceTitle "CBM 184 Extra"]
[Source "ChessBase"]
[SourceDate "2018.06.28"]
[SourceVersion "1"]
[SourceVersionDate "2018.06.28"]
[SourceQuality "1"]

1. e4 e5 2. Nf3 Nf6 3. Nxe5 d6 4. Nf3 Nxe4 5. Bb5+ c6 6. Ba4 Bf5 7. 0-0 Be7 8. Re1 0-0 9. d4 d5 10. Nbd2 Nd7 11. c4 Nxd2 12. Nxd2 Nb6 13. cxd5 Nxd5 14. Nf3 Bf6 15. Ne5 Re8 16. f4 Qb6 17. Kh1 Rad8 18. g4 Bc8 19. Bb3 Nc7 20. Bxf7+ Kf8 21. Bxe8 Rxe8 22. g5 Bxe5 23. dxe5 Nd5 24. Qd3 Kg8 25. g6 h6 26. f5 Rd8 27. Qh3 Ne7 28. e6 Rd5 29. f6 Nxg6 30. fxg7 Qa5 31. Bxh6 Rh5 32. Qb3 Ne7 33. Bf4 Qf5 34. Bd6 1-0

[Event "Mediterranean op 9th"]
[Site "Rijeka"]
[Date "2017.02.13"]
[Round "4"]
[White "Dasic, Jelena"]
[Black "Vujic, Agata"]
[Result "1/2-1/2"]
[WhiteElo "1740"]
[BlackElo "1588"]
[PlyCount "22"]
[EventDate "2017.02.11"]
[EventType "swiss"]
[EventRounds "9"]
[EventCountry "CRO"]
[SourceTitle "CBM 177 Extra"]
[Source "ChessBase"]
[SourceDate "2017.04.27"]
[SourceVersion "1"]
[SourceVersionDate "2017.04.27"]
[SourceQuality "1"]

1. d4 d5 2. c4 dxc4 3. e3 a6 4. Bxc4 e6 5. Nf3 b5 6. Bd3 Bb7 7. 0-0 Nd7 8. Qe2 c5 9. Rd1 Ngf6 10. h3 Be7 11. a4 b4 1/2-1/2

[Event "CRO-ch U15 Girls"]
[Site "Trogir"]
[Date "2016.06.26"]
[Round "9"]
[White "Bogdanic, Katarina"]
[Black "Vujic, Agata"]
[Result "1-0"]
[WhiteElo "1847"]
[BlackElo "1665"]
[PlyCount "81"]
[EventDate "2016.06.21"]
[EventType "swiss"]
[EventRounds "9"]
[EventCountry "CRO"]
[SourceTitle "EXT 2017"]
[Source "ChessBase"]
[SourceDate "2016.10.25"]
[SourceVersion "1"]
[SourceVersionDate "2016.10.25"]
[SourceQuality "1"]

1. Nf3 d5 2. g3 Nf6 3. c4 dxc4 4. Qa4+ Nc6 5. Qxc4 a6 6. Bg2 e6 7. 0-0 Bd6 8. d4 h6 9. Nc3 0-0 10. e4 e5 11. Rd1 Qe8 12. dxe5 Nxe5 13. Nxe5 Bxe5 14. Nd5 Nxd5 15. exd5 Bd6 16. Bf4 Qd8 17. Rac1 Bf5 18. Re1 Rc8 19. Rc3 Qd7 20. Rec1 f6 21. Rb3 Bxf4 22. Qxf4 b6 23. Rbc3 Rf7 24. Rc6 g5 25. Qc4 Re8 26. h4 Ree7 27. Qd4 Kg7 28. Rxc7 Qxc7 29. Rxc7 Rxc7 30. d6 Ra7 31. g4 Bc8 32. h5 Kh8 33. Bd5 Rf8 34. Bc6 Rff7 35. Qe4 Kg7 36. Qg6+ Kh8 37. Qxh6+ Kg8 38. Qg6+ Kh8 39. Bd5 Rf8 40. Qh6+ Rh7 41. Qxf8# 1-0

[Event "CRO-ch U15 Girls"]
[Site "Trogir"]
[Date "2016.06.21"]
[Round "2"]
[White "Golub, Nikolina"]
[Black "Vujic, Agata"]
[Result "1-0"]
[WhiteElo "1871"]
[BlackElo "1665"]
[PlyCount "103"]
[EventDate "2016.06.21"]
[EventType "swiss"]
[EventRounds "9"]
[EventCountry "CRO"]
[SourceTitle "EXT 2017"]
[Source "ChessBase"]
[SourceDate "2016.10.25"]
[SourceVersion "1"]
[SourceVersionDate "2016.10.25"]
[SourceQuality "1"]

1. d4 d5 2. c4 dxc4 3. e3 Nf6 4. Bxc4 e6 5. Nc3 a6 6. a4 b6 7. Nf3 Bb4 8. 0-0 Bb7 9. Qe2 0-0 10. Bd2 c5 11. Rfd1 Nbd7 12. dxc5 Bxc5 13. Rab1 a5 14. Nb5 Qb8 15. h3 Ne5 16. Nxe5 Qxe5 17. Bc3 Qg5 18. Qf1 Ne4 19. Kh2 Nxf2 20. Qxf2 Bxe3 21. Bd2 Bxd2 22. Rxd2 Rad8 23. Rbd1 Rxd2 24. Qxd2 Qe5+ 25. Kg1 Qc5+ 26. Qd4 Qg5 27. Qf2 h6 28. Rf1 Kh7 29. Nd6 Ba8 30. Bd3+ Kh8 31. Be2 Kh7 32. Bg4 h5 33. Bd1 Bd5 34. Qc2+ Kg8 35. Qe2 Ba8 36. Qf2 Kh8 37. b3 Bd5 38. h4 Qg6 39. Kh2 Kg8 40. Qg3 Qb1 41. Re1 Qb2 42. Bxh5 Bxb3 43. Re2 Qb1 44. Bxf7+ Rxf7 45. Nxf7 Kxf7 46. Rf2+ Kg8 47. Qb8+ Kh7 48. Rf8 Qb2 49. Rh8+ Kg6 50. h5+ Kf5 51. Rf8+ Kg5 52. Qg3+ 1-0